ბათუმის შოთა რუსთაველის სახელმწიფო უნივერსიტეტის ბიბლიოთეკა

Справочник по пректированию электроснабжения, линии электропередачи и сетей. (ბიბ.ჩანაწერი № 50713)

000 -LEADER
fixed length control field 00831nam a2200205Ia 4500
001 - CONTROL NUMBER
control field 17664
003 - CONTROL NUMBER IDENTIFIER
control field GE_BSU
008 - FIXED-LENGTH DATA ELEMENTS--GENERAL INFORMATION
fixed length control field 181216s||||||||xx |||||||||||||| ||und||
040 ## - CATALOGING SOURCE
Transcribing agency GE_BSU
080 ## - UNIVERSAL DECIMAL CLASSIFICATION NUMBER
Universal Decimal Classification number 621.316.1
245 ## - TITLE STATEMENT
Title Справочник по пректированию электроснабжения, линии электропередачи и сетей.
245 ## - TITLE STATEMENT
Statement of responsibility, etc. Под ред. Я.М.Большама, В.И.Круповича, М.Л.Самовера.
250 ## - EDITION STATEMENT
Edition statement Изд. второе, перераб. и дополн.
260 ## - PUBLICATION, DISTRIBUTION, ETC.
Place of publication, distribution, etc. М.
260 ## - PUBLICATION, DISTRIBUTION, ETC.
Name of publisher, distributor, etc. Энергия.
260 ## - PUBLICATION, DISTRIBUTION, ETC.
Date of publication, distribution, etc. 1974.
300 ## - PHYSICAL DESCRIPTION
Extent 696 стр. с илл. 27 см.
653 ## - INDEX TERM--UNCONTROLLED
Uncontrolled term Справочник по пректированию электроснабжения, линии электропередачи и сетей.
942 ## - ADDED ENTRY ELEMENTS (KOHA)
Koha item type წიგნი
ეგზემპლარები
Withdrawn status Lost status Damaged status Not for loan Date acquired Barcode Date last seen Price effective from Koha item type
        2018-12-17 10360 2018-12-17 2018-12-17 წიგნი